| 000 | 00000nam##2200000za#4500 |
| 001 | 9.614885 |
| 003 | CaOODSP |
| 005 | 20240527135427 |
| 007 | ta |
| 008 | 150406|2000||||xxc||||| f|0| 0 eng|d |
| 020 | |a0-662-28023-7 |
| 022 | |a0831-6481 |
| 040 | |aCaOODSP|beng |
| 043 | |an-cn--- |
| 086 | 1 |aCW69-5/336E |
| 110 | 2 |aCanadian Wildlife Service. |
| 245 | 10|aMultiresidue method for the determination of polychlorinated dibenzo-p-dioxins, polychlorinated dibenzofurans & non-ortho substituted polychlorinated biphenyls in wildlife tissues by HRGC/HRMS / |cby M. Simon and B. J. Wakeford. |
| 260 | |aOttawa - Ontario : |bEnvironment Canada. |c2000. |
| 300 | |avi, 41p. : |bgraphs, tables ; |c28 cm. |
| 490 | 1 |aTechnical report series|x0831-6481|v336 |
| 500 | |a"The method of analysis presented here has been used since 1993 for the determination of PCDDs/PCDFs and NOPCBs in various type of specimens such as avian egg, liver, breast muscle and plasma, using high resolution gas chromatography/high resolution mass spectrometry (HRGC/HRMS)."--Preface. |
| 520 | 3 |aThe method of analysis presented here has been used since 1993 for the determination of PCDDs/PCDFs and NOPCBs in various type of specimens such as avian egg, liver, breast muscle and plasma, using high resolution gas chromatography/high resolution mass spectrometry (HRGC/HRMS).--Preface |
| 546 | |aRésumés en français |
| 563 | |aSpiral binding |
| 590 | |a00-35|b2000-09-01 |
| 690 | 07|aWildlife|2gcpds |
| 690 | 07|aToxicology|2gcpds |
| 720 | 1 |aWakeford, B.J. |
| 720 | 1 |aSimon, M. |
| 776 | 0#|tMultiresidue method for the determination of polychlorinated dibenzo-p-dioxins, polychlorinated dibenzofurans & non-ortho substituted polychlorinated biphenyls in wildlife tissues by HRGC/HRMS / |w(CaOODSP)9.571422 |
| 830 | #0|aTechnical report series,|x0831-6481|v336|w(CaOODSP)9.514492 |